000 00549cam a22001815a 4500
001 ##J100718
008 000000s1907 000 0 eng u
035 _a(Sirsi) u100718
041 0 _aeng
050 0 4 _a942.273 $2 22
110 2 _aSurveyors' Institution
_93783
245 0 0 _aVisit of the institution to Scotland, 23rd and 24th May 1907
_bhandbook and general programme of arrangements
260 _a[S.l.]
_b[s.n.
_c1907
300 _a23p.
_bmaps
_c21cm.
651 4 _aGreat Britain
_y1707-
690 _aRICS SERVICES-RICS EVENTS
942 _n0
999 _c99775
_d99775